BIBLIOTECA

SENCICO

Manual de arquitectura ecológica avanzada : (Registro nro. 3755)

Detalles MARC
000 -LEADER
fixed length control field 00897nam a22002537a 4500
003 - CONTROL NUMBER IDENTIFIER
control field PE SENCICO BE
005 - DATE AND TIME OF LATEST TRANSACTION
control field 20251020182624.0
008 - FIXED-LENGTH DATA ELEMENTS--GENERAL INFORMATION
fixed length control field 230106b |||||||| |||| 00| 0 eng d
020 ## - INTERNATIONAL STANDARD BOOK NUMBER
International Standard Book Number 978-958-762-705-3
040 ## - CATALOGING SOURCE
Original cataloging agency PE SENCICO BE
Transcribing agency PE SENCICO BE
041 ## - LANGUAGE CODE
Language code of text/sound track or separate title spa
082 ## - DEWEY DECIMAL CLASSIFICATION NUMBER
Classification number 720.47
Item number D28M
100 1# - MAIN ENTRY--PERSONAL NAME
9 (RLIN) 186
Personal name De Garrido, Luis
245 1# - TITLE STATEMENT
Title Manual de arquitectura ecológica avanzada :
Remainder of title metodología de diseño para realizar una arquitectura con el máximo nivel ecológico posible /
Statement of responsibility, etc. Luis De Garrido
250 ## - EDITION STATEMENT
Edition statement 1a ed.
260 ## - PUBLICATION, DISTRIBUTION, ETC.
Place of publication, distribution, etc. Bogotá:
Name of publisher, distributor, etc. Ediciones de la U,
Date of publication, distribution, etc. 2017
300 ## - PHYSICAL DESCRIPTION
Extent 351 p. :
Other physical details il., tabl.;
Dimensions 29 cm.
650 14 - SUBJECT ADDED ENTRY--TOPICAL TERM
9 (RLIN) 280
Topical term or geographic name entry element Arquitectura sostenible
650 24 - SUBJECT ADDED ENTRY--TOPICAL TERM
9 (RLIN) 406
Topical term or geographic name entry element Ecología urbana
650 24 - SUBJECT ADDED ENTRY--TOPICAL TERM
9 (RLIN) 189
Topical term or geographic name entry element Arquitectura bioclimática
650 20 - SUBJECT ADDED ENTRY--TOPICAL TERM
9 (RLIN) 59
Topical term or geographic name entry element Construcción de viviendas
910 ## - USER-OPTION DATA (OCLC)
-- hfp
-- hfp
942 ## - ADDED ENTRY ELEMENTS (KOHA)
Source of classification or shelving scheme Dewey Decimal Classification
Koha item type Libros
Classification part 720.47
Item part D28M
Existencias
Fecha de la última vez que lo usaron Número de ingreso o de inventario Pago total Signatura topográfica completa Precio efectivo desde Tipo de documento Estado perdido Sistema de clasificación Estado dañado No es para préstamo Retirado Ubicación permanente Ubicación actual Fecha de adquisición
06/01/2023 16404   720.47/D28M 06/01/2023 Libros   Dewey Decimal Classification       Biblioteca Central Lima Biblioteca Central Lima 06/01/2023